000 00201nam a22000857a 4500
008 170612b xxu||||| |||| 00| 0 eng d
100 _93349
_aGupta A. D
245 _aMath Steps -1
260 _aNew Delhi
_c2009
999 _c6685
_d6685